000 00645nam a2200181 a 4500
008 120416s1997 ||||||||||||||||| || u
020 _a0750634421
050 _aNA 2545.P5 Gol
100 _aGoldsmith, Selwyn
245 1 0 _aDesigning for the disabled
246 _athe new paradigm
260 _aOxford:
_bArchitectural Press
_c1997.
300 _axvi, 426p. : ill.
350 _a0.00
500 _aBibliography.
650 _aBARRIER--FREE DESIGN--GREAT BRITAIN
995 _D0.00
_FCBU-MAIN LIBRARY (Kitwe)
_H1
_I30.00
_M1
_UAVAILABLE
_WJun 27, 2006
_ZMain Library Open Access Collection
999 _c39788
_d39788